Schlosstheater in Český Krumlov : ausführlicher Führer durch das Theater /

Hlavní autor: Rygl, Tomáš
Další autoři: Slavko, Pavel, 1956-, Švábová, Jana, 1952-2011
Jazyk: Němčina
Vydáno: Jihlava : ATP in Zusammenarbeit mit MCU, [2015]
Témata:
Fyzický popis: 1 mapa : barevná ; 44 x 62 cm, složeno na 23 x 13 cm
Mapy
Uloženo v:
LEADER 02160nem a2200553 i 4500
001 nkc20152721407
003 CZ PrNK
005 20160222104235.0
007 aj canzn
008 150724t20152015xr i a 0 ger
015 |a cnb002721407 
020 |a 978-80-86893-89-1 
034 0 |a a 
040 |a BOA001  |b cze  |d ABA001  |e rda 
041 1 |a ger  |h cze 
043 |a e-xr---  |b e-xr-jc  |2 czenas 
072 7 |a 792  |x Divadlo. Divadelní představení  |2 Konspekt  |9 3 
072 7 |a 912  |x Mapy. Atlasy. Glóby  |2 Konspekt  |9 7 
080 |a 792.05:728.82  |2 MRF 
080 |a 792.034.7  |2 MRF 
080 |a 913(437.319)  |2 MRF 
080 |a (084.3.024.7)  |2 MRF 
080 |a (036)  |2 MRF 
100 1 |a Rygl, Tomáš  |7 mzk2002160645  |4 ill 
245 1 0 |a Schlosstheater in Český Krumlov :  |b ausführlicher Führer durch das Theater /  |c Bilder Tomáš Rygl ; Text Pavel Slavko ; deutsche Übersetzung Jana Švábová 
246 1 |i Název v tiráži:  |a Ausführlicher Führer durch das Schlosstheater 
255 |a Měřítko neuvedeno 
264 1 |a Jihlava :  |b ATP in Zusammenarbeit mit MCU,  |c [2015] 
264 4 |c ©2015 
300 |a 1 mapa :  |b barevná ;  |c 44 x 62 cm, složeno na 23 x 13 cm 
336 |a kartografický obraz  |b cri  |2 rdacontent 
337 |a bez média  |b n  |2 rdamedia 
338 |a list  |b nb  |2 rdacarrier 
500 |a Dekorace, skupina herců v původních divadelních kostýmech, na rubu jevištní technika 
500 |a Přeloženo z češtiny 
610 2 7 |a Zámecké divadlo (Český Krumlov, Česko)  |7 kn20070528003  |2 czenas 
650 0 7 |a zámecká divadla  |7 ph281873  |z Česko  |2 czenas 
650 0 7 |a barokní divadlo  |7 ph382376  |z Česko  |2 czenas 
651 7 |a Český Krumlov (Česko)  |7 ge131713  |2 czenas 
655 7 |a panoramatické plány  |7 fd133000  |2 czenas 
655 7 |a průvodce  |7 fd133154  |2 czenas 
700 1 |a Slavko, Pavel,  |d 1956-  |7 js20030106001  |4 wfw 
700 1 |a Švábová, Jana,  |d 1952-2011  |7 jn19981002490  |4 trl 
910 2 |a BOA001  |b 2-1351.496 
928 9 |a MCU 
990 |a MP 
995 |a 01 
991 |b 201509  |c NOV  |e n 
996 6 |b 2610642236  |c 2-1351.496  |l MZK  |r Sklad / do 1 hodiny  |n 0  |p p.v.  |w 001519543  |u 000010  |a 1  |e BOA001  |j MZK50  |s P